Loading...
| History - European History | 0 | 5 | 0 | 0 | 50 | 43 | 52.60 | 0 | 5 |
| History - World History | 0 | 5 | 0 | 0 | 50 | 48 | 63.00 | 1 | 5 |
| History - Other History | 0 | 4 | 0 | 0 | 40 | 47 | 59.75 | 1 | 3 |
| Science - Physics | 0 | 3 | 1 | 0 | 25 | 50 | 58.00 | 0 | 2 |
| Mythology | 0 | 2 | 0 | 0 | 20 | 18 | 38.50 | 1 | 2 |
| Geography | 0 | 1 | 0 | 0 | 10 | 91 | 91.00 | 0 | 0 |
| Social Science | 0 | 1 | 0 | 0 | 10 | 81 | 81.00 | 0 | 1 |
| History - American History | 0 | 1 | 0 | 0 | 10 | 64 | 64.00 | 0 | 1 |
| Pop Culture | 0 | 1 | 0 | 0 | 10 | 27 | 27.00 | 1 | 1 |
| Science - Chemistry | 0 | 1 | 0 | 0 | 10 | 48 | 48.00 | 0 | 1 |
| Science - Other Science | 0 | 1 | 0 | 0 | 10 | 33 | 33.00 | 0 | 0 |